00406nam a2200145Ia 4500003000400000008004100004040001600045082001300061100002600074245007000100700002200170260003900192650001600231650001300247GCL140319s9999 xx 000 0 eng d aGCL / cGCL04a515bH B1 aHOFFMANN, LAURENCE D.10aBRIET CALCULUS WITH APPLICATION, 5TH ED / cHOFFMANN, LAURENCE D.1 aBRADLEY, GERDL L. a[S.N] : bMC GRAW - HILL ، c199304aMATHEMATICS04aCALCULUS